| 000 | 00558nam a22001817a 4500 | ||
|---|---|---|---|
| 003 | CEME | ||
| 005 | 20210628203010.0 | ||
| 008 | 210119b xxu||||| |||| 00| 0 eng d | ||
| 020 | _a0-471-20171-5 | ||
| 040 | _c. | ||
| 082 | _a621.3848 KOV | ||
| 100 |
_aKovalev, Vladimir A, Eichinger, William E _962794 |
||
| 245 | _aElastic lidar, theory, practice, and analysis methods | ||
| 260 |
_aNEW YORK _bJOHN WILEY _c2004 |
||
| 300 | _aXVI, 615 P | ||
| 650 |
_aOPTICAL RADAR.LASER COMMUNICATION SYSTEMS.ATMOSPHERE-LASER OBSERVATION. _962795 |
||
| 942 |
_cBK _2ddc |
||
| 999 |
_c571784 _d571784 |
||